<?xml version="1.0" encoding="UTF-8"?><?xml-stylesheet type="text/xsl" href="static/style.xsl"?><OAI-PMH xmlns="http://www.openarchives.org/OAI/2.0/" xmlns:xsi="http://www.w3.org/2001/XMLSchema-instance" xsi:schemaLocation="http://www.openarchives.org/OAI/2.0/ http://www.openarchives.org/OAI/2.0/OAI-PMH.xsd"><responseDate>2026-06-02T01:33:44Z</responseDate><request verb="GetRecord" identifier="oai:riuma.uma.es:10630/38440" metadataPrefix="marc">https://riuma.uma.es/rest/oai/request</request><GetRecord><record><header><identifier>oai:riuma.uma.es:10630/38440</identifier><datestamp>2026-02-03T11:29:08Z</datestamp><setSpec>com_10630_2254</setSpec><setSpec>col_10630_37953</setSpec></header><metadata><record xmlns="http://www.loc.gov/MARC21/slim" xmlns:dcterms="http://purl.org/dc/terms/" xmlns:doc="http://www.lyncode.com/xoai" xmlns:xsi="http://www.w3.org/2001/XMLSchema-instance" xsi:schemaLocation="http://www.loc.gov/MARC21/slim http://www.loc.gov/standards/marcxml/schema/MARC21slim.xsd">
   <leader>00925njm 22002777a 4500</leader>
   <datafield ind2=" " ind1=" " tag="042">
      <subfield code="a">dc</subfield>
   </datafield>
   <datafield ind2=" " ind1=" " tag="720">
      <subfield code="a">Chicharro-Luna, Esther</subfield>
      <subfield code="e">author</subfield>
   </datafield>
   <datafield ind2=" " ind1=" " tag="720">
      <subfield code="a">Pomares-Gómez, Francisco Javier</subfield>
      <subfield code="e">author</subfield>
   </datafield>
   <datafield ind2=" " ind1=" " tag="720">
      <subfield code="a">Ortega-Ávila, Ana Belén</subfield>
      <subfield code="e">author</subfield>
   </datafield>
   <datafield ind2=" " ind1=" " tag="720">
      <subfield code="a">Marchena-Rodríguez, Ana José</subfield>
      <subfield code="e">author</subfield>
   </datafield>
   <datafield ind2=" " ind1=" " tag="720">
      <subfield code="a">Blanquer-Gregori, José</subfield>
      <subfield code="e">author</subfield>
   </datafield>
   <datafield ind2=" " ind1=" " tag="720">
      <subfield code="a">Navarro-Flores, Emmanuel María</subfield>
      <subfield code="e">author</subfield>
   </datafield>
   <datafield ind2=" " ind1=" " tag="260">
      <subfield code="c">2019</subfield>
   </datafield>
   <datafield ind2=" " ind1=" " tag="520">
      <subfield code="a">Diabetic neuropathy is defined as the presence of symptoms and signs of&#xd;
peripheral nerve dysfunction in diabetics. The aim of this study is to develop a&#xd;
predictive logistic model to identify the risk of losing protective sensitivity in&#xd;
the foot. This descriptive cross-sectional study included 111 patients diagnosed&#xd;
with diabetes mellitus. Participants completed a questionnaire designed to&#xd;
evaluate neuropathic symptoms, and multivariate analysis was subsequently&#xd;
performed to identify an optimal predictive model. The explanatory capacity&#xd;
was evaluated by calculating the R2 coefficient of Nagelkerke. Predictive capacity&#xd;
was evaluated by calculating sensitivity, specificity, and estimation of the&#xd;
area under the receiver operational curve. Protective sensitivity loss was&#xd;
detected in 19.1% of participants. Variables associated by multivariate analysis&#xd;
were: educational level (OR: 31.4, 95% CI: 2.5-383.3, P = .007) and two items&#xd;
from the questionnaire: one related to bleeding and wet socks (OR: 28.3, 95%&#xd;
CI: 3.7-215.9, P = .001) and the other related to electrical sensations (OR: 52.9,&#xd;
95% CI: 4.3-643.9, P = .002), which were both statistically significant. The predictive&#xd;
model included the variables of age, sex, duration of diabetes, and educational&#xd;
level, and it had a sensitivity of 81.3% and a specificity of 95.5%. This&#xd;
model has a high predictive capacity to identify patients at risk of developing&#xd;
sensory neuropathy.</subfield>
   </datafield>
   <datafield ind1="8" ind2=" " tag="024">
      <subfield code="a">Chicharro-Luna E, Pomares-Gómez FJ, Ortega-Ávila AB, Marchena-Rodríguez A, Blanquer-Gregori JFJ, Navarro-Flores E. Predictive model to identify the risk of losing protective sensibility of the foot in patients with diabetes mellitus. Int Wound J. 2020 Feb;17(1):220-227. doi: 10.1111/iwj.13263. Epub 2019 Nov 5. PMID: 31691513; PMCID: PMC7949069.</subfield>
   </datafield>
   <datafield ind1="8" ind2=" " tag="024">
      <subfield code="a">https://hdl.handle.net/10630/38440</subfield>
   </datafield>
   <datafield ind1="8" ind2=" " tag="024">
      <subfield code="a">10.1111/iwj.13263</subfield>
   </datafield>
   <datafield tag="653" ind2=" " ind1=" ">
      <subfield code="a">Neuropatía diabética</subfield>
   </datafield>
   <datafield tag="653" ind2=" " ind1=" ">
      <subfield code="a">Pie diabético</subfield>
   </datafield>
   <datafield tag="653" ind2=" " ind1=" ">
      <subfield code="a">Diabetes</subfield>
   </datafield>
   <datafield tag="653" ind2=" " ind1=" ">
      <subfield code="a">Medicina - Modelos matemáticos</subfield>
   </datafield>
   <datafield ind2="0" ind1="0" tag="245">
      <subfield code="a">Predictive model to identify the risk of losing protective sensibility of the foot in patients with diabetes mellitus.</subfield>
   </datafield>
</record>
</metadata></record></GetRecord></OAI-PMH>